000
00181 a2200097 4500
020
_a
9788498455700
041
_a
spa
100
_a
Anonimo
245
_a
La Moto Fantasma
942
_c
BK
999
_c
15027
_d
15027